[Event "Rheinland Pfalz op 4th"]
[Site "Altenkirchen"]
[Date "2012.06.08"]
[Round "3"]
[White "Remy, Jochen"]
[Black "Hirse, Dirk"]
[Result "1/2-1/2"]
[WhiteElo "1990"]
[BlackElo "1667"]
[PlyCount "41"]
[EventDate "2012.06.07"]
[EventType "swiss"]
[EventRounds "7"]
[EventCountry "GER"]
[SourceTitle "CBM 148 Extra"]
[Source "ChessBase"]
[SourceDate "2012.06.22"]
[SourceVersion "1"]
[SourceVersionDate "2012.06.22"]
[SourceQuality "1"]

1. Nf3 g6 2. g3 Bg7 3. c4 c5 4. Bg2 d6 5. Nc3 Nf6 6. 0-0 0-0 7. d4 cxd4 8. Nxd4 a6 9. b3 Qc7 10. Bb2 Nc6 11. Rc1 Bd7 12. Nd5 Qd8 13. Nxc6 Bxc6 14. Nxf6+ exf6 15. Qd2 Qe7 16. Ba3 Rfe8 17. Bxc6 bxc6 18. e3 Rad8 19. Rfd1 c5 20. Qa5 h5 21. Qd2 1/2-1/2

[Event "Rheinland Pfalz op 4th"]
[Site "Altenkirchen"]
[Date "2012.06.07"]
[Round "1"]
[White "Schulz Knappe, Florian"]
[Black "Hirse, Dirk"]
[Result "1-0"]
[WhiteElo "2166"]
[BlackElo "1667"]
[PlyCount "67"]
[EventDate "2012.06.07"]
[EventType "swiss"]
[EventRounds "7"]
[EventCountry "GER"]
[SourceTitle "CBM 148 Extra"]
[Source "ChessBase"]
[SourceDate "2012.06.22"]
[SourceVersion "1"]
[SourceVersionDate "2012.06.22"]
[SourceQuality "1"]

1. d4 d5 2. c4 e6 3. Nc3 Nf6 4. e3 Nbd7 5. Nf3 c6 6. Qc2 Bd6 7. Be2 0-0 8. 0-0 b6 9. e4 dxe4 10. Nxe4 Nxe4 11. Qxe4 Nf6 12. Qxc6 Rb8 13. Bg5 Bb7 14. Qa4 h6 15. Bxf6 Qxf6 16. Rad1 Bxf3 17. Bxf3 Qf4 18. Rfe1 Qxh2+ 19. Kf1 Qh1+ 20. Ke2 Qh4 21. Qxa7 e5 22. Qd7 Bb4 23. Rh1 Qf6 24. a3 Bd6 25. Rh5 exd4 26. Qf5 Rfe8+ 27. Kd3 Qe7 28. b4 g6 29. Qg4 Qa7 30. Ra1 Bxb4 31. Bd5 Bc3 32. Qxg6+ Kf8 33. Qd6+ Qe7 34. Qxh6+ 1-0